| 000 | 00551nam a22001457a 4500 | ||
|---|---|---|---|
| 999 |
_c134130 _d134130 |
||
| 005 | 20240520114914.0 | ||
| 008 | 240520b ||||| |||| 00| 0 eng d | ||
| 040 | _cPK-LaUMT | ||
| 082 |
_aAPC 297.4092 _bFAI-T |
||
| 100 | _aFaiz ul Haq Faiz = فیض الحق فیض | ||
| 245 |
_aTalash i haq laelaha illallaho Muhammad ur Rasoolullah = تلاش حق لاالہ الااللہ محمد رسول اللہ / _cby Faiz ul Haq Faiz = فیض الحق فیض |
||
| 260 |
_aSargodah : _bAnjuman Astan i Fazal, _c1983 |
||
| 300 | _a149 p. | ||
| 942 | _cBK | ||